00874cam a22002894i 4500003000900000005001700009008004100026020001500067035002700082040003300109082001800142100003200160245004700192246003300239264005800272300005500330336002100385337002500406338002300431505003300454526000900487526000900496526000800505526000800513526000800521650005500529PE-LiUPU20250731183403.0150623s1982 miua r 000 0 eng d a0825434165 a(Sirsi) i9780825434167 aPE-LiUPUbspacPE-LiUPUerda04a783bO76C2211 aOsbeck, Kenneth W.,eautor.10a101 hymn stories /cpor Kenneth W. Osbeck.3 aOne hundred one hymn stories 1aGrand Rapids, Michigan :bKregel Publications,c1982. a288 páginas :bilustraciones ;c22 centímetros atext2rdacontent aunmediated2rdamedia avolume2rdacarrier0 a101 selected favorite hymns. aP158 aP146 aP17 aP12 aP0604aHimnos religiosos, InglésxHistoria y crítica.